| 000 | 01187cab a2200337 4500 | ||
|---|---|---|---|
| 001 | ABS57292 | ||
| 008 | 090401t1997 xxu||||| |||| 00| 0 eng d | ||
| 035 | _a(Sirsi) u79967 | ||
| 041 | _aeng | ||
| 245 | _aInside Midlands | ||
| 260 | _c1997 | ||
| 350 | _a0 | ||
| 490 |
_aInside Housing _v14(29) 25 July 1997, 17-22(6) |
||
| 520 | _aSpecial focus on the Midlands housing market. Looks at regional planning policy, how Birmingham MDC`s new housing director plans to encourage more urban development, the new Focus Housing Group described as a `social investment agency` which aims to alleviate poverty in the West Midlands, and how housing associations are looking beyond their traditional tenant base. | ||
| 650 | _aBIRMINGHAM | ||
| 650 | _aFOCUS HOUSING GROUP | ||
| 650 | _aHOUSEHOLD PROJECTIONS | ||
| 650 | _aHOUSING ASSOCIATIONS | ||
| 650 | _aHOUSING NEED | ||
| 650 | _aMIDLANDS | ||
| 650 | _aNEW HOUSING | ||
| 650 | _aPOVERTY | ||
| 650 | _aREGIONAL PLANNING POLICY | ||
| 650 | _aSOCIAL HOUSING | ||
| 650 | _aSOCIAL INVESTMENT AGENCY | ||
| 650 | _aURBAN DEVELOPMENT | ||
| 650 | _aURBANISATION | ||
| 690 | _aHOUSING | ||
| 942 | _n0 | ||
| 948 | _c29/07/1997 | ||
| 999 |
_c50323 _d50323 |
||